[Event "3rd Dvoretsky Memorial 2021"]
[Site "Moscow"]
[Date "2021.02.11"]
[Round "9.2"]
[White "Kobalia, Mikhail"]
[Black "Esipenko, Andrey"]
[Result "1/2-1/2"]
[WhiteElo "2587"]
[BlackElo "2677"]
[Annotator "TA"]
[PlyCount "39"]
[EventDate "2021.02.10"]
[EventType "tourn"]
[EventCountry "RUS"]
[Tiebreak "Koya+Number of wins"]
[SourceTitle "playchess.com"]
[Source "ChessBase"]
[SourceQuality "1"]

{[%evp 16,39,28,28,28,25,30,39,42,37,32,44,44,20,17,0,12,15,21,15,24,18,19,24,
20,8]} 1. e4 e5 2. Nf3 Nc6 3. Bb5 a6 4. Ba4 Nf6 5. O-O d6 6. Re1 Bd7 7. Bxc6
Bxc6 8. d4 Be7 9. Nc3 exd4 {C84: Closed Ruy Lopez: Unusual White 6th moves.}
10. Nxd4 Bd7 11. Qf3 O-O {White is slightly better.} 12. Bf4 Re8 13. h3 b5 {[#]
} 14. e5 $146 ({Predecessor:} 14. a3 c5 15. Nf5 Bxf5 16. exf5 d5 17. Be5 Rc8
18. Bxf6 Bxf6 19. Rxe8+ Qxe8 20. Qxd5 {1/2-1/2 (41) Shetty,R (2348)
-Aleksandrov,A (2635) Dubai 2005}) 14... dxe5 15. Bxe5 c5 16. Nc6 Bxc6 17. Qxc6
Qd7 18. Qf3 Rad8 19. Rad1 Qc8 20. b3 {Weighted Error Value: White=0.03/Black=0.
02} 1/2-1/2

[Event "3rd Dvoretsky Memorial 2021"]
[Site "Moscow"]
[Date "2021.02.11"]
[Round "9.4"]
[White "Vitiugov, Nikita"]
[Black "Inarkiev, Ernesto"]
[Result "1/2-1/2"]
[WhiteElo "2715"]
[BlackElo "2654"]
[Annotator "TA"]
[PlyCount "93"]
[EventDate "2021.02.10"]
[EventType "tourn"]
[EventCountry "RUS"]
[Tiebreak "Koya+Number of wins"]
[SourceTitle "playchess.com"]
[Source "ChessBase"]
[SourceQuality "1"]

{[%evp 10,93,22,12,8,4,14,0,10,-14,-10,-32,-20,-17,-24,-24,-31,-31,-21,-27,-22,
-26,-9,-14,-9,-39,-14,-43,-49,-39,-12,-13,-16,-20,0,0,0,0,0,0,0,0,24,22,24,14,
41,43,43,43,40,38,39,24,24,24,24,24,24,24,24,24,25,25,16,0,0,0,43,43,43,24,13,
0,5,0,80,0,0,0,0,0,0,0,0,0]} 1. e4 c6 2. d4 d5 3. Nd2 dxe4 4. Nxe4 Bf5 5. Ng3
Bg6 6. Nh3 Nf6 {B18: Classical Caro-Kann: 4...Bf5 sidelines.} 7. Bc4 e6 8. O-O
Bd6 9. f4 Qc7 10. Kh1 O-O 11. f5 exf5 12. Nxf5 Nbd7 13. Nxd6 Qxd6 14. Bf4 Qb4
15. Bb3 Rfe8 16. c3 {[#]} Qb5 $146 ({Predecessor:} 16... Qb6 17. Bg5 a5 18. Bf4
a4 19. Bxa4 Qxb2 20. Qb3 Qxb3 21. Bxb3 Be4 22. Kg1 {1/2-1/2 (22) Bokros,A 
(2465)-Lingnau,C (2423) Germany 2018}) 17. a4 Qe2 (17... Qa6 {feels hotter.}
18. Bg3 Nd5 19. Nf4 Nxf4 20. Rxf4 Nf6) 18. Rf2 Qxd1+ 19. Rxd1 Nd5 20. Bd2 N7f6
{And now ...Ne4 would win.} 21. Rff1 Ne3 (21... Ne4 {with more complications.}
22. Bc1 f6 23. Kg1 Bf7 24. Rde1 Nd6) 22. Bxe3 Rxe3 23. Nf4 Rae8 24. Kg1 Be4 25.
a5 a6 26. Rde1 Rxe1 27. Rxe1 g5 28. Nh3 h6 29. Nf2 Bf5 {[%cal Re8e1] [#]} 30.
Rxe8+ Nxe8 $14 {[%mdl 4096] Endgame KBN-KBN} 31. Nd1 Nd6 32. Ne3 Bd3 33. Ng4
Kg7 34. Ne5 Bf5 35. Kf2 Kf8 36. Ke3 Ke7 37. Nd3 (37. Kf3 {seems wilder.} Be4+
38. Kf2 Bd5 39. Bd1 Ne4+ 40. Ke2) 37... Be4 38. g3 Bxd3 39. Kxd3 $11 {KB-KN} f5
40. Bg8 Ne4 41. b4 Nf2+ 42. Ke2 Ng4 {[#]} (42... Ne4 $11) 43. Bh7 (43. d5 $1
$16) 43... Ke6 {The position is equal.} 44. Bg8+ Kd6 45. Bh7 Ke6 46. Bg8+ Kd6
47. Bh7 {Weighted Error Value: White=0.07/Black=0.08} 1/2-1/2

[Event "3rd Dvoretsky Memorial 2021"]
[Site "Moscow"]
[Date "2021.02.11"]
[Round "9.5"]
[White "Makarian, Rudik"]
[Black "Grachev, Boris"]
[Result "1/2-1/2"]
[WhiteElo "2461"]
[BlackElo "2619"]
[Annotator "TA"]
[PlyCount "61"]
[EventDate "2021.02.10"]
[EventType "tourn"]
[EventCountry "RUS"]
[Tiebreak "Koya+Number of wins"]
[SourceTitle "playchess.com"]
[Source "ChessBase"]
[SourceQuality "1"]

{[%evp 11,61,10,16,13,13,10,9,10,13,4,11,11,12,12,12,12,16,15,21,19,45,27,31,
23,43,27,69,53,70,46,47,48,65,0,22,21,60,37,59,69,66,0,0,0,15,10,15,0,0,0,0,8]
} 1. d4 d5 2. c4 e6 3. Nf3 Nf6 4. Nc3 Nbd7 5. Bf4 dxc4 6. e3 Nb6 {[#]} 7. Bxc4
$1 {[%mdl 64] Decoy. D37: Queen's Gambit Declined: 5 Bf4.} Nxc4 8. Qa4+ {
[%mdl 64] Double Attack} c6 {8...Bd7 is vanishing.} 9. Qxc4 Nd5 10. O-O Nxf4
11. exf4 Be7 12. Rfe1 O-O 13. Rad1 {[#]} Bd7 $146 ({Predecessor:} 13... Qb6 14.
Qe2 Rd8 15. f5 Qc7 16. d5 cxd5 17. Nxd5 exd5 18. Qxe7 Qxe7 19. Rxe7 Bxf5 20.
Rxb7 {1/2-1/2 (59) Petrov,N (2585)-Wagner,D (2587) Bad Ragaz 2019}) 14. g3 Rc8
15. Ne5 Rc7 16. h4 Bc8 17. a3 a6 18. Qe2 Qe8 19. Qf3 Qd8 20. Kh2 Bd6 21. Ne4
Be7 22. Nc3 Bd6 $1 23. b4 {[%cal Bb2b4,Bb4a5][%mdl 32]} h6 24. Re2 a5 25. bxa5
Bxa3 26. d5 (26. Nc4 $14 Bb4 27. Rb2) 26... exd5 $11 {The position is equal.}
27. Nxd5 cxd5 28. Qxa3 Be6 29. Ng6 fxg6 30. Rxe6 {White wants to play Qb3.} g5
$1 31. hxg5 {Weighted Error Value: White=0.16/Black=0.06} 1/2-1/2